000 00439nam a2200181Ia 4500
003 LK-CoDNM
008 010623t xxu||||| |||| 00| 1 sin d
040 _aLK-CoDNM
_dLK-CoDNM
_eLK-CoDNM
041 _asin
080 _a294.3 GUN
100 _aGunaratne,L.
245 _aදහම් ගැට මාලාව
246 _aDaham Geta Malawa
260 _bRatna
_aColombo
300 _b28p., 21 cm
650 _aBuddhism
942 _cBK
999 _c138564
_d138564